Đội ngũ tuyệt đỉnh = Instant team building

Giải thích tất cả các yếu tố đóng góp cho một đội ngũ tuyệt vời. Hướng dẫn tìm kiếm và tập hợp một đội ngũ nhân viên năng động, tương thích, bài bản, có chiều sâu, dài hạn giúp đưa doanh nghiệp lên một tầm cao mới về năng suất, l...

Disgrifiad llawn

Wedi'i Gadw mewn:
Manylion Llyfryddiaeth
Prif Awdur: Sugars, Bradley J.
Awduron Eraill: Đoàn Quang Thắng (Hiệu đính), Trịnh Ngọc Minh (Dịch)
Fformat: Llyfr
Iaith:Vietnamese
Cyhoeddwyd: H. Công thương 2020
Pynciau:
Tagiau: Ychwanegu Tag
Dim Tagiau, Byddwch y cyntaf i dagio'r cofnod hwn!
Thư viện lưu trữ: Thư viện Trường Đại học Nam Cần Thơ
LEADER 01298nam a22002177a 4500
001 NCT_85195
008 200930b xxu||||| |||| 00| 0 vie d
999 |c 4207  |d 4207 
020 |a 9786049315039  |c 199000 
082 0 4 |2 23rd ed.  |a 658.4022  |b S947 
100 1 |a Sugars, Bradley J. 
245 1 0 |a Đội ngũ tuyệt đỉnh =  |b Instant team building  |c Bradley J. Sugars ; Trịnh Ngọc Minh (Dịch) ; Đoàn Quang Thắng (Hiệu đính) 
260 |a H.  |b Công thương  |c 2020 
300 |a 189 tr.  |c 23cm 
520 |a Giải thích tất cả các yếu tố đóng góp cho một đội ngũ tuyệt vời. Hướng dẫn tìm kiếm và tập hợp một đội ngũ nhân viên năng động, tương thích, bài bản, có chiều sâu, dài hạn giúp đưa doanh nghiệp lên một tầm cao mới về năng suất, lợi nhuận và niềm vui 
653 |a Tham khảo 
700 1 |a Đoàn Quang Thắng  |e Hiệu đính 
700 1 |a Trịnh Ngọc Minh  |e Dịch 
942 |2 ddc  |c BK 
952 |0 0  |1 0  |2 ddc  |4 0  |6 658_402200000000000_S947  |7 0  |9 20333  |a 000001  |b 000001  |d 2020-09-30  |o 658.4022 S947  |p TK.02237  |r 2020-09-30  |v 199000.00  |w 2020-09-30  |y BK 
980 |a Thư viện Trường Đại học Nam Cần Thơ